| 000 | 00726nam a2200193Ia 4500 | ||
|---|---|---|---|
| 008 | 0000001990 sp a 0000000000spa00 | ||
| 090 | _aPUS00 K17a | ||
| 100 | 1 |
_aKatz, AleX _d1927 |
|
| 245 | 1 | 0 |
_aAlex Katz _b: pinturas y dibujos |
| 300 |
_a[30] p. _c/ 30 cm. |
||
| 500 | _aExposición realizada en la Galería Gamarra y Garrigues, Marid, Abril 24, 1990 \ Con el patronazgo del maestro venezolano Jesús Rafael Soto (q.e.p.d.) | ||
| 600 | 0 | 0 |
_aKATZ, ALEX, 1927 / _xTRABAJOS PICTORICOS |
| 650 | 1 | 4 | _aARTE CONTEMPORANEO ESTADOUNIDENSE |
| 650 | 1 | 4 | _xCATALOGOS |
| 650 | 1 | 4 | _aDIBUJOS ESTADOUNIDENSES |
| 650 | 1 | 4 | _xEXPOSICIONES |
| 650 | 1 | 4 | _aPINTURA ESTADOUNIDENSE |
| 999 |
_c1520 _d1520 |
||
| 260 |
_aMadrid : Galería Fandos _c1990 |
||